00522nam a2200145Ia 4500003000900000008004100009040001600050080001800066100001700084245018300101260003300284300002300317650001900340700001700359IN-BaIIA211028s9999 xx 000 0 eng d cIIA Library a084.4:52bHAG aHagen, I. G. 0aAtlas stellarum variabiliumbcomplectens stellas variabiles intre limites declinationis + 25 et + 90cI. G. Hagen and C. W. Bruce  aBerlinbFelix L. Damesc1900 a[various pagings.] aVariable stars aBruce, C. W.